1902 1159 1767 1943 1072 1631 1393 1406 1967 1727 1334 1496 1223 1826 1513 1955 1156 1497 1086 1178 1402 1591 1034 1331 1752 1618 1656 1946 1056 1791 1461 1984 1860 1540 1921 1105 1527 1118 1693 1562 1508 1531 1293 1043 1247 1919 1580 1325 1384 1385 1583 1628 1186 1671 1196 1323 1411 1869 1330 1053 1746 1286 1875 1765 1477 1563 1640 1169 1938 1705 1072 1839 1883 1187 1618 1791 1212 1689 1689 1344 1602 1225 1097 1067 1235 1169 1800 1790 1715 1896 1217 1696 1764 1516 1837 1619 1768 1681 1239 BCNSPRNW ULIB Ver.6.0+V

เปลี่ยนเป็นภาษาไทย

Change to English
 แสดงรายละเอียดบรรณานุกรม
  กลับหน้าหลัก

Brief Record : Get Marc (ISO 2709) : E-mail record : QR code < ปิดหน้าต่าง
LEADER : 00000nam 2200000uu 4500
001    13399123784
003     ULIB
008    120904s2557||||th 000 0 tha d
020    ^a9742911533
020    ^a9789742911539
060 04 ^aWY150^bค127ก ล.3
245 00 ^aการพยาบาลผู้ใหญ่และผู้สูงอายุ^nเล่ม 3 /^cคณาจารย์สถาบันพระบรมราชชนก
250    ^aพิมพ์ครั้งที่ 10
260    ^aนนทบุรี :^bโครงการสวัสดิการวิชาการ สถาบันพระบรมราชชนกกระทรวงสาธารณสุข,^c2557
300    ^a394 หน้า :^bภาพประกอบ ;^c26 ซม.
650  7 ^aการพยาบาล^xในวัยชรา
650  7 ^aการพยาบาล^xในวัยผู้ใหญ่
650  7 ^aการพยาบาลผู้สูงอายุ
650  7 ^aผู้สูงอายุ^xการดูแล
710 2  ^aสถาบันพระบรมราชชนก.^bโครงการสวัสดิการวิชาการ
710 2  ^aคณาจารย์สถาบันพระบรมราชชนก
945    ^p150^l0^i22041
945    ^p150^l0^i22042
945    ^p150^l0^i22043
945    ^p150^l0^i22044
945    ^p150^l0^i22045
945    ^p150^l0^i22046
945    ^p150^l0^i22047
945    ^p150^l0^i22048
945    ^p150^l0^i22049
945    ^p150^l0^i22050
995    ทศพร
999 ^a ใช้งานได้ทุกระบบ
รายการนี้ยังไม่มีแท็ก
คุณยังไม่ได้ล็อกอิน คุณสามารถมีกิจกรรมร่วมกับเว็บไซต์ได้ แต่ต้องล็อกอินก่อน ::
  ล็อกอิน

รายการสื่อสารสนเทศ

ลำดับที่ ประเภท เลขเรียก/บาร์โค้ด สถานที่ สถานะ
1. Book การพยาบาล
หนังสือสำรอง
สถานะ=หนังสือสำรอง
WY150 ค127ก ล.3 ฉ.1 
  Barcode: 22041
ห้องสมุดวิทยาเขตนครสวรรค์
►ส่วนจัดเก็บหนังสือเก่า นว.
บนชั้น
  ขอยืม
2. Book การพยาบาล
Book การพยาบาล
WY150 ค127ก ล.3 ฉ.10 
  Barcode: 22050
ห้องสมุดวิทยาเขตนครสวรรค์
►ส่วนจัดเก็บหนังสือเก่า นว.
บนชั้น
  ขอยืม
3. Book การพยาบาล
Book การพยาบาล
WY150 ค127ก ล.3 ฉ.2 
  Barcode: 22042
ห้องสมุดวิทยาเขตนครสวรรค์
►ส่วนจัดเก็บหนังสือเก่า นว.
ถูกยืม กำหนดส่งวันที่ 4 สิงหาคม 2568
  จอง
4. Book การพยาบาล
Book การพยาบาล
WY150 ค127ก ล.3 ฉ.3 
  Barcode: 22043
ห้องสมุดวิทยาเขตนครสวรรค์
►ส่วนจัดเก็บหนังสือเก่า นว.
บนชั้น
  ขอยืม
5. Book การพยาบาล
Book การพยาบาล
WY150 ค127ก ล.3 ฉ.4 
  Barcode: 22044
ห้องสมุดวิทยาเขตนครสวรรค์
►ส่วนจัดเก็บหนังสือเก่า นว.
บนชั้น
  ขอยืม
6. Book การพยาบาล
Book การพยาบาล
WY150 ค127ก ล.3 ฉ.5 
  Barcode: 22045
ห้องสมุดวิทยาเขตนครสวรรค์
►ส่วนจัดเก็บหนังสือเก่า นว.
บนชั้น
  ขอยืม
7. Book การพยาบาล
Book การพยาบาล
WY150 ค127ก ล.3 ฉ.6 
  Barcode: 22046
ห้องสมุดวิทยาเขตนครสวรรค์
►ส่วนจัดเก็บหนังสือเก่า นว.
บนชั้น
  ขอยืม
8. Book การพยาบาล
Book การพยาบาล
WY150 ค127ก ล.3 ฉ.7 
  Barcode: 22047
ห้องสมุดวิทยาเขตนครสวรรค์
►ส่วนจัดเก็บหนังสือเก่า นว.
บนชั้น
  ขอยืม
9. Book การพยาบาล
Book การพยาบาล
WY150 ค127ก ล.3 ฉ.8 
  Barcode: 22048
ห้องสมุดวิทยาเขตนครสวรรค์
►ส่วนจัดเก็บหนังสือเก่า นว.
บนชั้น
  ขอยืม
10. Book การพยาบาล
Book การพยาบาล
WY150 ค127ก ล.3 ฉ.9 
  Barcode: 22049
ห้องสมุดวิทยาเขตนครสวรรค์
►ส่วนจัดเก็บหนังสือเก่า นว.
บนชั้น
  ขอยืม

รายการใกล้เคียง
    หัวเรื่อง [การพยาบาลผู้สูงอายุ]
    หัวเรื่อง [ผู้สูงอายุ การดูแล]

BibComment


ยังไม่เคยถูกคอมเมนท์

คอมเมนท์ทรัพยากรรายการนี้
  คอมเมนท์: การพยาบาลผู้ใหญ่..


 Copyright 2026. Bcnsprnw @Library